| 000 -LEADER |
| fixed length control field |
00629nam a2200253Ia 4500 |
| 001 - CONTROL NUMBER |
| control field |
16156 |
| 003 - CONTROL NUMBER IDENTIFIER |
| control field |
GE_BSU |
| 008 - FIXED-LENGTH DATA ELEMENTS--GENERAL INFORMATION |
| fixed length control field |
181216s||||||||xx |||||||||||||| ||und|| |
| 040 ## - CATALOGING SOURCE |
| Transcribing agency |
GE_BSU |
| 080 ## - UNIVERSAL DECIMAL CLASSIFICATION NUMBER |
| Universal Decimal Classification number |
621.4 |
| 100 ## - MAIN ENTRY--PERSONAL NAME |
| Personal name |
Hau,Erich |
| 245 ## - TITLE STATEMENT |
| Title |
Wind Turbines |
| 245 ## - TITLE STATEMENT |
| Remainder of title |
Fundamentals,Technologies, Application,Economics |
| 260 ## - PUBLICATION, DISTRIBUTION, ETC. |
| Place of publication, distribution, etc. |
Berlin |
| 260 ## - PUBLICATION, DISTRIBUTION, ETC. |
| Name of publisher, distributor, etc. |
Springer |
| 260 ## - PUBLICATION, DISTRIBUTION, ETC. |
| Date of publication, distribution, etc. |
2000 |
| 300 ## - PHYSICAL DESCRIPTION |
| Extent |
879p. 24cm. |
| 653 ## - INDEX TERM--UNCONTROLLED |
| Uncontrolled term |
Fundamentals,Technologies, Application,Economics |
| 653 ## - INDEX TERM--UNCONTROLLED |
| Uncontrolled term |
Wind Turbines |
| 653 ## - INDEX TERM--UNCONTROLLED |
| Uncontrolled term |
ინჟინერია |
| 653 ## - INDEX TERM--UNCONTROLLED |
| Uncontrolled term |
ტექნიკა |
| 942 ## - ADDED ENTRY ELEMENTS (KOHA) |
| Koha item type |
წიგნი |